[Event "Barcelona Sants op 19th"]
[Site "Barcelona"]
[Date "2017.08.23"]
[Round "6"]
[White "Benet Morant, Damia"]
[Black "Grafl, Florian"]
[Result "1/2-1/2"]
[WhiteElo "2140"]
[BlackElo "2364"]
[PlyCount "65"]
[EventDate "2017.08.18"]
[EventType "swiss"]
[EventRounds "10"]
[EventCountry "ESP"]
[SourceTitle "CBM 180 Extra"]
[Source "ChessBase"]
[SourceDate "2017.10.06"]
[SourceVersion "1"]
[SourceVersionDate "2017.10.06"]
[SourceQuality "1"]

1. d4 f5 2. Nf3 Nf6 3. g3 g6 4. c3 Bg7 5. Qb3 Nc6 6. Bg2 e6 7. 0-0 0-0 8. Nbd2 Kh8 9. Re1 d5 10. Nf1 Ne4 11. N3d2 e5 12. Nxe4 fxe4 13. dxe5 Nxe5 14. Bf4 c6 15. Rad1 Qb6 16. Be3 Qa6 17. Bc5 Re8 18. f3 Be6 19. Qc2 exf3 20. exf3 Bf5 21. Qb3 Nd3 22. Rxe8+ Rxe8 23. Be3 b5 24. Rd2 Rxe3 25. Nxe3 Qb6 26. Re2 Bh6 27. f4 Bg4 28. Qc2 Bxe2 29. Qxe2 Nc1 30. Qe1 Nd3 31. Qe2 Nc1 32. Qe1 Nd3 33. Qe2 1/2-1/2

[Event "Barcelona Primavera La Lira op 9th"]
[Site "Barcelona"]
[Date "2016.06.02"]
[Round "9"]
[White "Benet Morant, Damia"]
[Black "Lillo Castany, Victor"]
[Result "1-0"]
[WhiteElo "2067"]
[BlackElo "2324"]
[PlyCount "67"]
[EventDate "2016.04.07"]
[EventType "swiss"]
[EventRounds "9"]
[EventCountry "ESP"]
[SourceTitle "CBM 172 Extra"]
[Source "ChessBase"]
[SourceDate "2016.06.21"]
[SourceVersion "1"]
[SourceVersionDate "2016.06.21"]
[SourceQuality "1"]

1. Nf3 Nf6 2. b3 e6 3. Bb2 b6 4. g3 Bb7 5. Bg2 Be7 6. 0-0 0-0 7. d3 c5 8. Nbd2 Nc6 9. Re1 Qc7 10. e4 d6 11. Qe2 Rfd8 12. Nc4 Nd7 13. Ne3 Bf6 14. c3 Nde5 15. Rf1 b5 16. Nxe5 dxe5 17. Ng4 Bg5 18. f4 exf4 19. h4 Be7 20. Rxf4 f6 21. h5 Qd6 22. Rd1 b4 23. h6 e5 24. hxg7 Kxg7 25. Ne3 Bc8 26. Rg4+ Kh8 27. Nf5 Bxf5 28. exf5 Rg8 29. Rh4 Rg7 30. cxb4 Rag8 31. bxc5 Qxc5+ 32. Kh1 Rxg3 33. Rc1 Nd4 34. Qh5 1-0

[Event "Barcelona Primavera La Lira op 9th"]
[Site "Barcelona"]
[Date "2016.05.19"]
[Round "7"]
[White "Benet Morant, Damia"]
[Black "Rueda Marquez, David Juan"]
[Result "0-1"]
[WhiteElo "2067"]
[BlackElo "2087"]
[PlyCount "62"]
[EventDate "2016.04.07"]
[EventType "swiss"]
[EventRounds "9"]
[EventCountry "ESP"]
[SourceTitle "CBM 172 Extra"]
[Source "ChessBase"]
[SourceDate "2016.06.21"]
[SourceVersion "1"]
[SourceVersionDate "2016.06.21"]
[SourceQuality "1"]

1. d4 Nf6 2. Nf3 e6 3. c4 d5 4. g3 dxc4 5. Bg2 c5 6. 0-0 Nc6 7. Qa4 Bd7 8. Qxc4 b5 9. Qd3 c4 10. Qd1 Rc8 11. Bf4 Be7 12. Nc3 Nd5 13. Nxb5 Nxf4 14. gxf4 Qb6 15. a4 0-0 16. e3 Na5 17. Ne5 Be8 18. Be4 f6 19. Nf3 a6 20. Na3 Qxb2 21. Nc2 f5 22. Rb1 Qc3 23. Bb7 Rb8 24. Bxa6 Bxa4 25. Nfe1 Rxb1 26. Qxb1 Qb3 27. Qxb3 cxb3 28. Na1 b2 29. Nf3 Ra8 30. Bd3 Rc8 31. Nd2 Rc1 0-1

[Event "Barcelona Primavera La Lira op 9th"]
[Site "Barcelona"]
[Date "2016.04.07"]
[Round "1"]
[White "Falomir Ballega, Sergi"]
[Black "Benet Morant, Damia"]
[Result "0-1"]
[WhiteElo "1694"]
[BlackElo "2067"]
[PlyCount "100"]
[EventDate "2016.04.07"]
[EventType "swiss"]
[EventRounds "9"]
[EventCountry "ESP"]
[SourceTitle "CBM 172 Extra"]
[Source "ChessBase"]
[SourceDate "2016.06.21"]
[SourceVersion "1"]
[SourceVersionDate "2016.06.21"]
[SourceQuality "1"]

1. d4 Nf6 2. Nf3 c5 3. e3 g6 4. Bd3 Bg7 5. 0-0 0-0 6. c4 cxd4 7. exd4 d5 8. b3 Nc6 9. Bb2 Bg4 10. Nbd2 Nb4 11. Bb1 h6 12. h3 Be6 13. a3 Nc6 14. Qe2 Qc8 15. Re1 Bf5 16. Ne5 Re8 17. Qf3 Bxb1 18. Raxb1 Qf5 19. Qxf5 gxf5 20. Re2 Rac8 21. Rbe1 e6 22. f3 Red8 23. c5 a5 24. Bc3 Ra8 25. g4 fxg4 26. hxg4 Nxe5 27. dxe5 Ne8 28. Bd4 Nc7 29. a4 Na6 30. Rc1 Rdc8 31. f4 Bf8 32. Nf3 Nxc5 33. Rec2 b6 34. Ne1 Rcb8 35. Rc3 Ne4 36. Rc7 Nd2 37. R7c3 Bb4 38. Rh3 Rc8 39. Rd1 Rab8 40. f5 Kg7 41. f6+ Kg8 42. Be3 Ne4 43. Bxh6 Rc3 44. Rxc3 Bxc3 45. Be3 Bxe5 46. g5 d4 47. Bxd4 Rd8 48. Nf3 Bxd4+ 49. Rxd4 Rxd4 50. Nxd4 Nxg5 0-1

[Event "Tarragona Province-ch"]
[Site "Tarragona"]
[Date "2015.11.01"]
[Round "5"]
[White "Benet Morant, Damia"]
[Black "Negreiro Pozo, Benet"]
[Result "1-0"]
[WhiteElo "2179"]
[BlackElo "2104"]
[PlyCount "51"]
[EventDate "2015.09.27"]
[EventType "swiss"]
[EventRounds "9"]
[EventCountry "ESP"]
[SourceTitle "EXT 2017"]
[Source "ChessBase"]
[SourceDate "2016.10.25"]
[SourceVersion "1"]
[SourceVersionDate "2016.10.25"]
[SourceQuality "1"]

1. d4 d5 2. c4 e6 3. Nf3 Nf6 4. g3 c5 5. Bg2 dxc4 6. 0-0 Nc6 7. Qa4 Bd7 8. Qxc4 cxd4 9. Nxd4 Rc8 10. Nc3 Nxd4 11. Qxd4 Bc5 12. Qh4 Bc6 13. Bxc6+ Rxc6 14. Bg5 Be7 15. Rad1 Qc7 16. Qa4 a6 17. Bf4 Qc8 18. e4 0-0 19. e5 Nd7 20. h4 b5 21. Qe4 Rc4 22. Qf3 Rd8 23. Ne4 Qc6 24. Rfe1 Nc5 25. Rxd8+ Bxd8 26. Nf6+ 1-0

[Event "Reykjavik op"]
[Site "Reykjavik"]
[Date "2015.03.17"]
[Round "9"]
[White "Benet Morant, Damia"]
[Black "Hauksdottir, Hrund"]
[Result "1-0"]
[WhiteElo "2044"]
[BlackElo "1692"]
[PlyCount "35"]
[EventDate "2015.03.10"]
[EventType "swiss"]
[EventRounds "10"]
[EventCountry "ISL"]
[SourceTitle "CBM 165 Extra"]
[Source "ChessBase"]
[SourceDate "2015.04.21"]
[SourceVersion "1"]
[SourceVersionDate "2015.04.21"]
[SourceQuality "1"]

1. d4 d5 2. c4 c6 3. e3 Nf6 4. Nf3 Nbd7 5. Bd3 e6 6. b3 Be7 7. 0-0 0-0 8. Bb2 dxc4 9. bxc4 c5 10. d5 exd5 11. cxd5 Nxd5 12. Bxh7+ Kxh7 13. Qxd5 Nf6 14. Qc4 Nd5 15. Nc3 Be6 16. Rfd1 Qb6 17. Nxd5 Bxd5 18. Qc2+ 1-0

[Event "Reykjavik op"]
[Site "Reykjavik"]
[Date "2015.03.16"]
[Round "8"]
[White "Foisor, Sabina Francesca"]
[Black "Benet Morant, Damia"]
[Result "1/2-1/2"]
[WhiteElo "2279"]
[BlackElo "2044"]
[PlyCount "185"]
[EventDate "2015.03.10"]
[EventType "swiss"]
[EventRounds "10"]
[EventCountry "ISL"]
[SourceTitle "CBM 165 Extra"]
[Source "ChessBase"]
[SourceDate "2015.04.21"]
[SourceVersion "1"]
[SourceVersionDate "2015.04.21"]
[SourceQuality "1"]

1. d4 Nf6 2. c4 g6 3. Nc3 Bg7 4. e4 d6 5. Nf3 0-0 6. Be2 e5 7. d5 a5 8. Bg5 h6 9. Bh4 g5 10. Bg3 Nh5 11. Nd2 Nf4 12. 0-0 Na6 13. a3 Bd7 14. b3 f5 15. f3 Nc5 16. Qc2 g4 17. fxg4 Nxe2+ 18. Nxe2 f4 19. Bf2 Bxg4 20. Nc3 Nd7 21. Nb5 Nf6 22. h3 Bh5 23. b4 Nh7 24. Qd3 Qd7 25. Kh2 f3 26. Rg1 fxg2 27. Be3 Rf4 28. Rxg2 Ng5 29. Bxf4 exf4 30. Rag1 Bf6 31. Nd4 Bxd4 32. Rxg5+ hxg5 33. Qxd4 Qe7 34. Rg2 axb4 35. Qg1 g4 36. axb4 Qh4 37. Qf1 Qxh3+ 38. Kg1 Qe3+ 39. Kh1 f3 40. Qxf3 Ra1+ 41. Kh2 Qh6 42. Qh3 Ra2 43. Nf1 Qf4+ 44. Kg1 Ra1 45. Qd3 Bg6 46. Qe2 g3 47. Qd3 Rxf1+ 48. Qxf1 Qe3+ 49. Kh1 Bxe4 50. b5 b6 51. c5 bxc5 52. b6 Bxg2+ 53. Kxg2 cxb6 54. Qb1 Kg7 55. Qxb6 Qf2+ 56. Kh3 Qh2+ 57. Kg4 g2 58. Qb2+ Kf7 59. Qb7+ Kf6 60. Qb2+ Qe5 61. Qf2+ Ke7 62. Qh4+ Qf6 63. Qh7+ Qf7 64. Qh4+ Kd7 65. Kh3 Qf3+ 66. Kh2 Qxd5 67. Qa4+ Qc6 68. Qg4+ Kc7 69. Qg7+ Kb6 70. Qb2+ Ka7 71. Qa2+ Qa6 72. Qf7+ Qb7 73. Qa2+ Kb6 74. Qb2+ Kc6 75. Qxg2+ d5 76. Qg6+ Kc7 77. Qg7+ Kb8 78. Qh8+ Qc8 79. Qb2+ Qb7 80. Qh8+ Ka7 81. Qa1+ Qa6 82. Qg7+ Kb6 83. Qf6+ Ka5 84. Qa1+ Kb5 85. Qb2+ Ka5 86. Qa1+ Kb6 87. Qf6+ Ka7 88. Qe7+ Kb8 89. Qd8+ Qc8 90. Qb6+ Ka8 91. Qa5+ Kb7 92. Qb5+ Ka7 93. Qa5+ 1/2-1/2

[Event "Reykjavik op"]
[Site "Reykjavik"]
[Date "2015.03.15"]
[Round "7"]
[White "Benet Morant, Damia"]
[Black "Andersen, Dag"]
[Result "1-0"]
[WhiteElo "2044"]
[BlackElo "1843"]
[PlyCount "83"]
[EventDate "2015.03.10"]
[EventType "swiss"]
[EventRounds "10"]
[EventCountry "ISL"]
[SourceTitle "CBM 165 Extra"]
[Source "ChessBase"]
[SourceDate "2015.04.21"]
[SourceVersion "1"]
[SourceVersionDate "2015.04.21"]
[SourceQuality "1"]

1. d4 d5 2. c4 e6 3. Nf3 c6 4. e3 f5 5. Bd3 Nf6 6. 0-0 Bd6 7. b3 0-0 8. Ba3 Ne4 9. Ne5 Bxa3 10. Nxa3 Nd7 11. Nxd7 Bxd7 12. f3 Nf6 13. Qc2 g6 14. Rad1 Rf7 15. Kh1 Qf8 16. Nb1 Rc8 17. Qf2 Qh6 18. Rde1 Rcf8 19. Nc3 Ne8 20. Qg1 Qg7 21. e4 dxe4 22. fxe4 c5 23. e5 cxd4 24. Qxd4 a6 25. b4 Bc6 26. b5 axb5 27. cxb5 Rd7 28. Qe3 Bd5 29. Nxd5 exd5 30. b6 Qe7 31. Rc1 Nf6 32. Bb5 Ng4 33. Qh3 Nxe5 34. Bxd7 Nxd7 35. Rc7 Qe2 36. Qf3 Qb5 37. Re1 Nxb6 38. h3 Re8 39. Rxe8+ Qxe8 40. Qc3 Qf8 41. Rxb7 Nc4 42. Qd4 1-0

[Event "Reykjavik op"]
[Site "Reykjavik"]
[Date "2015.03.13"]
[Round "5"]
[White "Benet Morant, Damia"]
[Black "Hojgaard, Brandur"]
[Result "1-0"]
[WhiteElo "2044"]
[BlackElo "1787"]
[PlyCount "59"]
[EventDate "2015.03.10"]
[EventType "swiss"]
[EventRounds "10"]
[EventCountry "ISL"]
[SourceTitle "CBM 165 Extra"]
[Source "ChessBase"]
[SourceDate "2015.04.21"]
[SourceVersion "1"]
[SourceVersionDate "2015.04.21"]
[SourceQuality "1"]

1. Nf3 d5 2. d4 Nf6 3. c4 e6 4. g3 c6 5. Qc2 Nbd7 6. Bg2 Bb4+ 7. Bd2 Bxd2+ 8. Nbxd2 0-0 9. 0-0 Re8 10. Rfd1 b6 11. e4 dxe4 12. Nxe4 Nxe4 13. Qxe4 Bb7 14. b4 Qc7 15. Ne5 Nxe5 16. dxe5 Rab8 17. c5 a5 18. a3 axb4 19. axb4 bxc5 20. bxc5 Ra8 21. Rab1 f6 22. Rd6 fxe5 23. Qxe5 Qf7 24. Bh3 Bc8 25. Rxc6 Qf3 26. Rc7 Qf6 27. f4 Qg6 28. Re1 Qf6 29. Qe4 Ra2 30. Rxc8 1-0

[Event "Reykjavik op"]
[Site "Reykjavik"]
[Date "2015.03.11"]
[Round "3"]
[White "Magnusdottir, Veronika Steinunn"]
[Black "Benet Morant, Damia"]
[Result "0-1"]
[WhiteElo "1571"]
[BlackElo "2044"]
[PlyCount "68"]
[EventDate "2015.03.10"]
[EventType "swiss"]
[EventRounds "10"]
[EventCountry "ISL"]
[SourceTitle "CBM 165 Extra"]
[Source "ChessBase"]
[SourceDate "2015.04.21"]
[SourceVersion "1"]
[SourceVersionDate "2015.04.21"]
[SourceQuality "1"]

1. e4 c5 2. Nf3 e6 3. d4 cxd4 4. Nxd4 Nc6 5. Nc3 Qc7 6. g3 a6 7. Bg2 Nf6 8. 0-0 Be7 9. Kh1 d6 10. f4 Bd7 11. Nb3 Rd8 12. Be3 Na5 13. Nd2 b5 14. a4 b4 15. Ne2 Bc6 16. Nd4 Bb7 17. Qe2 Rc8 18. Rac1 Nc4 19. Nxc4 Qxc4 20. Qd3 0-0 21. Nb3 Bxe4 22. Bxe4 Qxe4+ 23. Qxe4 Nxe4 24. a5 Bf6 25. Nd4 Rc4 26. Rfd1 Rfc8 27. b3 Rc3 28. Bg1 d5 29. Kg2 g6 30. Kf1 Bxd4 31. Rxd4 Rxb3 32. Re1 Rxc2 33. Be3 Rxh2 34. Bg1 Nxg3# 0-1

[Event "Barcelona Sant Marti op-A 16th"]
[Site "Barcelona"]
[Date "2014.07.20"]
[Round "8"]
[White "Ruhlmann, Helene"]
[Black "Benet Morant, Damia"]
[Result "1-0"]
[WhiteElo "1867"]
[BlackElo "2048"]
[PlyCount "145"]
[EventDate "2014.07.13"]
[EventType "swiss"]
[EventRounds "9"]
[EventCountry "ESP"]
[SourceTitle "CBM 161 Extra"]
[Source "ChessBase"]
[SourceDate "2014.08.29"]
[SourceVersion "1"]
[SourceVersionDate "2014.08.29"]
[SourceQuality "1"]

1. d4 Nf6 2. Nf3 g6 3. g3 Bg7 4. Bg2 0-0 5. 0-0 d6 6. c4 Nc6 7. Nc3 a6 8. h3 Rb8 9. a4 Bd7 10. a5 e5 11. d5 Ne7 12. e4 Ne8 13. Ne1 c5 14. Nd3 b5 15. axb6 Rxb6 16. Bg5 Bc8 17. Qe2 f6 18. Be3 Rb8 19. Rfb1 f5 20. Ra4 Nf6 21. Kh2 fxe4 22. Nxe4 Nxe4 23. Bxe4 Nf5 24. b4 Nxe3 25. Qxe3 Qd7 26. Ra2 Qxh3+ 27. Kg1 Bh6 28. Qe1 Qg4 29. Qe2 Qxe2 30. Rxe2 a5 31. b5 Bg5 32. Ra2 Bd8 33. Nc1 Kg7 34. Kg2 h5 35. Nb3 Ra8 36. f3 Rf7 37. Rba1 Rfa7 38. Ra4 Bd7 39. Bd3 Bb6 40. Nd2 Rf8 41. R1a3 Bd8 42. Nb3 Bc7 43. Nd2 Kh6 44. Ra1 Rh8 45. Rb1 Rb8 46. Rba1 g5 47. R4a3 g4 48. Rb1 gxf3+ 49. Nxf3 Bg4 50. Nd2 Rab7 51. Be4 Rf8 52. Rf1 Rxf1 53. Kxf1 Bd1 54. Ra1 Bg4 55. Bd3 Rb8 56. Kg2 Rf8 57. Be4 Kg5 58. Bf3 Bxf3+ 59. Nxf3+ Kf5 60. Nd2 Kg4 61. Ne4 Rf7 62. Ra2 Kf5 63. Rf2+ Kg6 64. Ra2 Kf5 65. Rf2+ Kg6 66. Re2 Rf8 67. Ra2 h4 68. gxh4 Rf4 69. b6 Bb8 70. Nd2 Rd4 71. Kf2 Rxh4 72. Rxa5 Kf5 73. Ra8 1-0

[Event "Barcelona Sant Marti op-A 16th"]
[Site "Barcelona"]
[Date "2014.07.14"]
[Round "2"]
[White "Benet Morant, Damia"]
[Black "Mokal, Amruta Sunil"]
[Result "1-0"]
[WhiteElo "2048"]
[BlackElo "2046"]
[PlyCount "91"]
[EventDate "2014.07.13"]
[EventType "swiss"]
[EventRounds "9"]
[EventCountry "ESP"]
[SourceTitle "CBM 161 Extra"]
[Source "ChessBase"]
[SourceDate "2014.08.29"]
[SourceVersion "1"]
[SourceVersionDate "2014.08.29"]
[SourceQuality "1"]

1. d4 Nf6 2. c4 e6 3. g3 Bb4+ 4. Bd2 Be7 5. Bg2 d5 6. Nf3 0-0 7. 0-0 c6 8. Qc2 Nbd7 9. Bf4 Nh5 10. Nbd2 g5 11. Be3 f5 12. Nb3 f4 13. Bd2 Bd6 14. g4 Ng7 15. Nc5 Nxc5 16. dxc5 Bc7 17. Bc3 Qe7 18. Rad1 d4 19. Rxd4 Qxc5 20. b4 Qe7 21. Re4 Bd7 22. Qb2 h6 23. Rd1 Rad8 24. Ne5 Be8 25. Red4 Rxd4 26. Bxd4 a6 27. Bc5 Qf6 28. Bxf8 Bxe5 29. Bxg7 Bxb2 30. Bxf6 Bxf6 31. e3 fxe3 32. fxe3 Kf7 33. Be4 Ke7 34. Kf2 Be5 35. h3 Bc3 36. a3 b6 37. Rd3 Be5 38. c5 b5 39. a4 Bb2 40. Rb3 Bc1 41. axb5 axb5 42. Ke2 e5 43. Kd1 Bf7 44. Rd3 Bb2 45. Kc2 Bc4 46. Kxb2 1-0

[Event "Catalunya-chT"]
[Site "Catalunya"]
[Date "2014.03.15"]
[Round "8.4"]
[White "Masip Tressera, Oriol"]
[Black "Benet Morant, Damia"]
[Result "0-1"]
[WhiteElo "2072"]
[BlackElo "2051"]
[PlyCount "102"]
[EventDate "2014.01.25"]
[EventType "team"]
[EventRounds "11"]
[EventCountry "ESP"]
[SourceTitle "EXT 2015"]
[Source "ChessBase"]
[SourceDate "2014.11.20"]
[SourceVersion "1"]
[SourceVersionDate "2014.11.20"]
[SourceQuality "1"]
[WhiteTeam "Foment Martinenc"]
[BlackTeam "Reus Deportiu"]
[WhiteTeamCountry "ESP"]
[BlackTeamCountry "ESP"]

1. Nf3 g6 2. e4 d6 3. d4 Nf6 4. Nc3 Bg7 5. g3 0-0 6. Bg2 c5 7. dxc5 Qa5 8. 0-0 Qxc5 9. Nd5 Nxd5 10. exd5 Bf5 11. c3 Na6 12. Re1 Rfe8 13. Be3 Qa5 14. Nd4 Bd7 15. Bg5 h6 16. Be3 Qd8 17. Qd2 Kh7 18. h4 Nc7 19. h5 Qc8 20. hxg6+ fxg6 21. Be4 Rf8 22. Qd3 Qe8 23. Kg2 Qf7 24. c4 e5 25. Nf3 Bf5 26. Nh4 Na6 27. Rh1 Nc5 28. Bxc5 dxc5 29. Raf1 a5 30. g4 Bxe4+ 31. Qxe4 Ra6 32. Nf3 Qf4 33. Re1 Kg8 34. b3 Raf6 35. Rh3 Qxe4 36. Rxe4 Rf4 37. Rxf4 Rxf4 38. Rg3 e4 39. Nh4 Bd4 40. f3 Kg7 41. fxe4 Rf2+ 42. Kh3 Be5 43. Rg2 Rf1 44. Nf5+ gxf5 45. gxf5+ Kf7 46. Re2 Rg1 47. Kh4 Kf6 48. Kh3 h5 49. Re3 Rg4 50. Re2 Kg5 51. d6 Rg3+ 0-1

[Event "Catalunya-chT"]
[Site "Catalunya"]
[Date "2014.03.01"]
[Round "6.3"]
[White "Yastrebova, Tatiana"]
[Black "Benet Morant, Damia"]
[Result "0-1"]
[WhiteElo "1967"]
[BlackElo "2051"]
[PlyCount "68"]
[EventDate "2014.01.25"]
[EventType "team"]
[EventRounds "11"]
[EventCountry "ESP"]
[SourceTitle "EXT 2015"]
[Source "ChessBase"]
[SourceDate "2014.11.20"]
[SourceVersion "1"]
[SourceVersionDate "2014.11.20"]
[SourceQuality "1"]
[WhiteTeam "Barcelona Escola Escacs"]
[BlackTeam "Reus Deportiu"]
[WhiteTeamCountry "ESP"]
[BlackTeamCountry "ESP"]

1. b3 e5 2. Bb2 Nc6 3. e3 Nf6 4. Bb5 Bd6 5. Na3 a6 6. Bxc6 dxc6 7. Nc4 Qe7 8. d3 Bg4 9. Nf3 b5 10. Nxd6+ cxd6 11. h3 Bh5 12. e4 d5 13. exd5 e4 14. dxe4 Qxe4+ 15. Qe2 Bxf3 16. gxf3 Qxe2+ 17. Kxe2 Nxd5 18. Bxg7 Rg8 19. Be5 0-0-0 20. Kf1 Rge8 21. Bg3 Nc3 22. Kg2 Rd2 23. Rhe1 Ree2 24. a4 b4 25. Rxe2 Rxe2 26. Bd6 a5 27. Bc5 Rxc2 28. Bb6 Nd5 29. Bd4 c5 30. Bg7 Nf4+ 31. Kf1 Nd3 32. h4 Rc1+ 33. Ke2 Rxa1 34. Bxa1 Nc1+ 0-1

[Event "Tarragona Province-ch"]
[Site "Hospitalet de l'Infant"]
[Date "2013.11.03"]
[Round "5"]
[White "Benet Morant, Damia"]
[Black "Pujol Codinach, Eduard"]
[Result "1/2-1/2"]
[WhiteElo "2037"]
[BlackElo "2068"]
[PlyCount "89"]
[EventDate "2013.10.06"]
[EventType "swiss"]
[EventRounds "9"]
[EventCountry "ESP"]
[SourceTitle "EXT 2017"]
[Source "ChessBase"]
[SourceDate "2016.10.25"]
[SourceVersion "1"]
[SourceVersionDate "2016.10.25"]
[SourceQuality "1"]

1. d4 Nf6 2. c4 g6 3. Nf3 Bg7 4. g3 0-0 5. Bg2 d6 6. 0-0 Nbd7 7. Nc3 e5 8. e4 c6 9. b3 Re8 10. Bb2 Ng4 11. d5 c5 12. h3 Nh6 13. Nh4 f5 14. exf5 gxf5 15. Qc2 Nf8 16. Qe2 Ng6 17. Nxg6 hxg6 18. a3 Nf7 19. b4 b6 20. Rfe1 Bd7 21. f3 Qg5 22. Kh2 e4 23. f4 Qh6 24. Nb5 Bxb5 25. cxb5 Bd4 26. bxc5 dxc5 27. Rad1 Qg7 28. Ba1 Nd6 29. g4 Bxa1 30. Rxa1 Kf7 31. a4 Rh8 32. Ra3 Qh6 33. Rf1 Qh4 34. Rg3 Qf6 35. Rd1 a6 36. bxa6 c4 37. Rb1 Rxa6 38. Qe3 Rb8 39. a5 Rxa5 40. Rxb6 Rxb6 41. Qxb6 Rxd5 42. gxf5 Nxf5 43. Qc7+ Ke6 44. Qc8+ Kf7 45. Ra3 1/2-1/2

[Event "Tarragona Calbet Memorial"]
[Site "Tarragona"]
[Date "2013.05.18"]
[Round "6"]
[White "Buch Prades, Joan"]
[Black "Benet Morant, Damia"]
[Result "1-0"]
[WhiteElo "2067"]
[BlackElo "1974"]
[PlyCount "59"]
[EventDate "2013.04.13"]
[EventType "swiss"]
[EventRounds "8"]
[EventCountry "ESP"]
[SourceTitle "EXT 2014"]
[Source "ChessBase"]
[SourceDate "2013.11.20"]
[SourceVersion "1"]
[SourceVersionDate "2013.11.20"]
[SourceQuality "1"]

1. d4 Nf6 2. c4 g6 3. Nc3 Bg7 4. e4 d6 5. Bd3 0-0 6. Nge2 Nc6 7. 0-0 Nh5 8. Bc2 e5 9. d5 Ne7 10. Rb1 Kh8 11. b4 f5 12. exf5 gxf5 13. f4 exf4 14. Nb5 Ng6 15. Ned4 a6 16. Qxh5 axb5 17. Nxf5 Bxf5 18. Bxf5 Rxf5 19. Qxf5 Rxa2 20. Qe4 Be5 21. Rb3 bxc4 22. Qxc4 Qg5 23. Rg3 Qh5 24. Rgf3 Rxg2+ 25. Kxg2 Nh4+ 26. Kh1 Nxf3 27. Qe2 Nxh2 28. Qxh5 Nxf1 29. Qf3 Ng3+ 30. Kh2 1-0

[Event "Tarragona Calbet Memorial"]
[Site "Tarragona"]
[Date "2013.05.04"]
[Round "4"]
[White "Benet Morant, Damia"]
[Black "Guasch Figuerola, Agusti"]
[Result "0-1"]
[WhiteElo "1974"]
[BlackElo "2052"]
[PlyCount "100"]
[EventDate "2013.04.13"]
[EventType "swiss"]
[EventRounds "8"]
[EventCountry "ESP"]
[SourceTitle "EXT 2014"]
[Source "ChessBase"]
[SourceDate "2013.11.20"]
[SourceVersion "1"]
[SourceVersionDate "2013.11.20"]
[SourceQuality "1"]

1. d4 e6 2. c4 f5 3. Nf3 Nf6 4. g3 d5 5. Bg2 c6 6. 0-0 Bd6 7. b3 Qe7 8. Bb2 0-0 9. Nbd2 Nbd7 10. Qc2 b6 11. Ne5 Bb7 12. Rac1 Rac8 13. Qb1 Ne4 14. Rfd1 Ndf6 15. f3 Nxd2 16. Rxd2 g5 17. e3 f4 18. exf4 gxf4 19. g4 dxc4 20. bxc4 c5 21. g5 Bxe5 22. dxe5 Ne8 23. Rcd1 Bc6 24. Kh1 Qxg5 25. Rg1 Ng7 26. Rd6 Qh5 27. Qd3 Kh8 28. Rxc6 Rxc6 29. Qd7 Qe8 30. Qxa7 Rf7 31. Qa4 Rc8 32. Qb3 Rb8 33. Qd3 Qd7 34. Qe4 Qb7 35. Qc2 Nf5 36. Qf2 Rg7 37. Bf1 Rbg8 38. Rxg7 Qxg7 39. Bd3 Nh4 40. Be4 Qg2+ 41. Qxg2 Rxg2 42. Bc3 Rxa2 43. Kg1 Ra3 44. Bb2 Rb3 45. Bc1 Nxf3+ 46. Kf2 Nxe5 47. Kg2 Nxc4 48. Bxf4 e5 49. Bg5 Kg7 50. Bd5 Ne3+ 0-1

[Event "Tarragona Calbet Memorial"]
[Site "Tarragona"]
[Date "2013.04.27"]
[Round "3"]
[White "Benet Morant, Damia"]
[Black "Bru Rullo, Llatzer"]
[Result "1-0"]
[WhiteElo "1974"]
[BlackElo "2122"]
[PlyCount "56"]
[EventDate "2013.04.13"]
[EventType "swiss"]
[EventRounds "8"]
[EventCountry "ESP"]
[SourceTitle "EXT 2014"]
[Source "ChessBase"]
[SourceDate "2013.11.20"]
[SourceVersion "1"]
[SourceVersionDate "2013.11.20"]
[SourceQuality "1"]

1. e4 e5 2. Nf3 Nc6 3. Bb5 a6 4. Ba4 Nf6 5. 0-0 Be7 6. Qe2 b5 7. Bb3 d6 8. c3 0-0 9. a4 b4 10. a5 Bg4 11. h3 Bh5 12. d3 Rb8 13. Nbd2 bxc3 14. bxc3 Qc8 15. Rd1 Rd8 16. Bc2 d5 17. Nf1 d4 18. g4 Nxg4 19. Ng3 Nxf2 20. Qxf2 Bxf3 21. Qxf3 Qxh3 22. Rf1 Bc5 23. c4 Rd7 24. Ba4 Qe6 25. Ra2 g6 26. Rg2 Rb4 27. Bxc6 Qxc6 28. Nh5 Be7 1-0

[Event "Andorra op 29th"]
[Site "Arinsal"]
[Date "2011.07.16"]
[Round "1"]
[White "Caspi, Israel"]
[Black "Benet Morant, Damia"]
[Result "1-0"]
[WhiteElo "2443"]
[BlackElo "1902"]
[PlyCount "59"]
[EventDate "2011.07.16"]
[EventType "swiss"]
[EventRounds "9"]
[EventCountry "AND"]
[SourceTitle "CBM 143 Extra"]
[Source "ChessBase"]
[SourceDate "2011.08.29"]
[SourceVersion "1"]
[SourceVersionDate "2011.08.29"]
[SourceQuality "1"]

1. e4 Nf6 2. e5 Nd5 3. d4 d6 4. c4 Nb6 5. exd6 exd6 6. Nf3 Bg4 7. h3 Bh5 8. Be2 Be7 9. 0-0 0-0 10. Nc3 c6 11. Qb3 N8d7 12. Be3 f5 13. Rfe1 Bf7 14. a4 Rb8 15. a5 Na8 16. Qc2 g6 17. a6 b6 18. Qa4 Rc8 19. Rad1 Nc7 20. Qxc6 Be8 21. Qa4 Nc5 22. Qa2 N5xa6 23. Bh6 Rf6 24. c5+ Bf7 25. Qa3 b5 26. Nxb5 Nxb5 27. Bxb5 Nc7 28. Bf1 Re6 29. Be3 Qf8 30. Qxa7 1-0